The culture of violence (Record no. 62655)

MARC details
000 -LEADER
fixed length control field 01909nam a2200217 a 4500
008 - FIXED-LENGTH DATA ELEMENTS--GENERAL INFORMATION
fixed length control field 120416s1994 ||||||||||||||||| || u
020 ## - INTERNATIONAL STANDARD BOOK NUMBER
International Standard Book Number 9280808664
050 ## - LIBRARY OF CONGRESS CALL NUMBER
Classification number JC 328.6 Cul
100 ## - MAIN ENTRY--PERSONAL NAME
Personal name Marcial, C. Rubio
245 14 - TITLE STATEMENT
Title The culture of violence
Statement of responsibility, etc. edited by Kumar Rupesinghe
260 ## - PUBLICATION, DISTRIBUTION, ETC.
Place of publication, distribution, etc. Tokyo
Name of publisher, distributor, etc. United Nations University Press
Date of publication, distribution, etc. 1994
300 ## - PHYSICAL DESCRIPTION
Extent vi, 292 p.
350 ## - PRICE (NR) (BK AM CF MU VM SE) [OBSOLETE]
Price 0.00
500 ## - GENERAL NOTE
General note 'Fruit of a conference sponsored by the United Nations University ... held in Lima, Peru, in October 1991'--Introd. -'UNUP 866'--T.p. verso. -Includes bibliographical references. - Contents: Forms of violence and its transformation / Kumar Rupesinghe -- Rejoinder to the theory of structural violence / Felipe E. MacGregor and Marcial Rubio C. -- Remythologizations of power and identity : nationalism and violence in Sri Lanka / Bruce Kapferer -- The impact of drug trafficking on Columbian culture / Francisco J. de Roux -- Ethnic violence : the case of Bolivia / Xazier Albâo -- Violence and conflict resolution in Uganda / Edward Khidduy-Makubuya -- Violence and the welfare state : the case of Venezuela as an oil country / Luis Pedro Espaäna N. -- State terrorism and death squads in the new world order / Miles D. Wolpin -- Violence and culture in the United States / Robert Brent Toplin -- Children in the city of violence : the case of Brazil / Irene Rizzini -- Human rights and dictatorship : the case of Chile / Tony Mifsud.
650 ## - SUBJECT ADDED ENTRY--TOPICAL TERM
Topical term or geographic name entry element VIOLENCE--LATIN AMERICA--CONGRESSES
650 ## - SUBJECT ADDED ENTRY--TOPICAL TERM
Topical term or geographic name entry element VIOLENCE--CONGRESSES
650 ## - SUBJECT ADDED ENTRY--TOPICAL TERM
Topical term or geographic name entry element POLITICS
710 ## - ADDED ENTRY--CORPORATE NAME
Corporate name or jurisdiction name as entry element United Nations University
995 ## - RECOMMENDATION 995 [LOCAL, UNIMARC FRANCE]
-- 0.00
-- CBU-MAIN LIBRARY (Kitwe)
-- 1
-- 0.00
-- 1
-- AVAILABLE
-- Main Library Open Access Collection
995 ## - RECOMMENDATION 995 [LOCAL, UNIMARC FRANCE]
-- 0.00
-- CBU-MAIN LIBRARY (Kitwe)
-- 2
-- 0.00
-- 2
-- AVAILABLE
-- Annex Low-Usage Collection
Holdings
Withdrawn status Lost status Source of classification or shelving scheme Damaged status Not for loan Home library Current library Shelving location Date acquired Total Checkouts Full call number Barcode Date last seen Price effective from Koha item type
          CBU-MAIN LIBRARY, KITWE. CBU-MAIN LIBRARY, KITWE.   12/15/2022   JC 328.6 Cul 028661 12/15/2022 12/15/2022 MONOGRAPH
          CBU-MAIN LIBRARY, KITWE. CBU-MAIN LIBRARY, KITWE.   12/15/2022   JC 328.6 Cul 45207 12/15/2022 12/15/2022 MONOGRAPH